القارة الأسترالية بعيون دبلوماسي عراقي / (رقم التسجيلة. 695)
[ عرض عادي ]
| 000 -LEADER | |
|---|---|
| fixed length control field | 00656nam a22002057a 4500 |
| 005 - DATE AND TIME OF LATEST TRANSACTION | |
| control field | 20251108163346.0 |
| 008 - FIXED-LENGTH DATA ELEMENTS--GENERAL INFORMATION | |
| fixed length control field | 250721s2007 xx 000 0 ara d |
| 082 14 - DEWEY DECIMAL CLASSIFICATION NUMBER | |
| Classification number | 327.94056/علي |
| 100 1# - MAIN ENTRY--PERSONAL NAME | |
| Personal name | علي، قحطان لطفي |
| Relator term | مؤلف |
| 245 10 - TITLE STATEMENT | |
| Title | القارة الأسترالية بعيون دبلوماسي عراقي / |
| 264 1# - PRODUCTION, PUBLICATION, DISTRIBUTION, MANUFACTURE, AND COPYRIGHT NOTICE | |
| Place of production, publication, distribution, manufacture | عمان : |
| Name of producer, publisher, distributor, manufacturer | دار ورد الأردنية، |
| Date of production, publication, distribution, manufacture, or copyright notice | 2007. |
| 300 ## - PHYSICAL DESCRIPTION | |
| Extent | 191 ص. |
| 650 17 - SUBJECT ADDED ENTRY--TOPICAL TERM | |
| Topical term or geographic name as entry element | استراليا |
| 650 17 - SUBJECT ADDED ENTRY--TOPICAL TERM | |
| Topical term or geographic name as entry element | العراق |
| 650 17 - SUBJECT ADDED ENTRY--TOPICAL TERM | |
| Topical term or geographic name as entry element | القضيه الفلسطينيه |
| 650 17 - SUBJECT ADDED ENTRY--TOPICAL TERM | |
| Topical term or geographic name as entry element | العلاقات الدوليه |
| 650 17 - SUBJECT ADDED ENTRY--TOPICAL TERM | |
| Topical term or geographic name as entry element | البلدان العربيه |
| 942 ## - ADDED ENTRY ELEMENTS (KOHA) | |
| Source of classification or shelving scheme | Dewey Decimal Classification |
| Koha item type | كتب |
| حالة السحب | حالة الفقدان | مصدر التصنيف | حالة التلف | غير قابل للإعارة | المكتبة الرئيسية | المكتبة الحالية | موقع الرف | تاريخ التزويد | الرقم المتسلسل | Total Checkouts | رقم الإستدعاء | تاريخ آخر ظهور | تاريخ الفاتورة | نوع المادة (كوها) | الباركود |
|---|---|---|---|---|---|---|---|---|---|---|---|---|---|---|---|
| Dewey Decimal Classification | المكتبة المركزية | المكتبة المركزية | مقتنيات قسم التزويد | 28/07/2025 | 1265730 | 327.94056/علي | 28/07/2025 | 28/07/2025 | كتب | ||||||
| Dewey Decimal Classification | مكتبة أبو علندا العامة | مكتبة أبو علندا العامة | الإعارة | 07/03/2009 | 1265732 | 327.94056/علي | 28/07/2025 | 07/03/2009 | كتب | PLD00076398 | |||||
| Dewey Decimal Classification | مكتبة الأميرة ايمان العامة | مكتبة الأميرة ايمان العامة | الإعارة | 07/03/2009 | 1265733 | 327.94056/علي | 28/07/2025 | 07/03/2009 | كتب | PLD00076399 | |||||
| Dewey Decimal Classification | مكتبة البراعم الواعدة | مكتبة البراعم الواعدة | الإعارة | 22/02/2010 | 1360461 | 327.94056/علي | 28/07/2025 | 22/02/2010 | كتب | PLD00135279 | |||||
| Dewey Decimal Classification | مكتبة ومركز فرح | مكتبة ومركز فرح | الإعارة | 19/05/2009 | 1278339 | 327.94056/علي | 28/07/2025 | 19/05/2009 | كتب | PLD00093461 | |||||
| Dewey Decimal Classification | مكتبةمؤتة | مكتبةمؤتة | الإعارة | 21/03/2011 | 1428302 | 327.94056/علي | 28/07/2025 | 21/03/2011 | كتب | PLD00198131 |